000 01862nam a2200301 a 4500
001 000016698
003 DO-SdBNP
005 20231120123413.0
007 ta
008 100309s1974 dr 000 0 spa d
040 _aDO-SdBNP
_bspa
_cBPMSU
082 4 _a465
_bB171a 1974
_222
100 1 _a Balaguer, Joaquín,
_d1906-2002
_92
100 z _aBalaguer y Ricardo, Joaquín,
_d 1906-2002
100 z _aBalaguer Ricardo, Joaquín,
_d1906-2002
100 z _aRicardo, Joaquín Balaguer y,
_d1906-2002
245 1 0 _aApuntes para una historia prosódica de la métrica castellana /
_cJoaquín Balaguer.
260 _aSanto Domingo :
_bTalleres Fuentes Impresores,
_c1974
300 _a269 p. ;
_c24 cm.
500 _aIncluye datos biográficos del autor en las solapas de las cubierta.
504 _aIncluye referencias bibliográficas y notas al pie de las páginas.
505 0 _aPrefacio.
_tLas ideas de Nebrija acerca de la versificación castellana.--
_tLa verdadera teoría de verso de arte mayor.--
_tLa doctrina de Andrés Bello.--
_tLa teoría de Hansen.--
_tTeoría de Morel Fatio.--
_tLa teoría de Foulché Delbosc.--
_tCarácter indígena del arte mayor.--
_gI (109). -II (123). III (132).
_tEvolución del verso de arte mayor.--
_tDel arte de Juan de Mena al de Rubén Darío.--
_tEl endecasílabo de arte mayor y el endecasílabo italiano.--
_tPalabras con dos acentos rítmicos.--
_tLa acentuación de los monosílabos en la versificación castellana.
_gI (205).-II (216).
_tLa dislocación del acento en el verso castellano.--
_tEn torno a un pretendido vicio prosódico de los poetas hispanos americanos.
_gI (245) .-II (253) .-III (256) .-IV (263) .- V (267).
590 _aInventariado 2023/VM
650 4 _aEspañol
_xVersificación
650 4 _aVersificación
_xArte de Escribir
910 _a VMateo V. control de calidad. BPMSU
942 _2ddc
_cBK
999 _c14492
_d14492